000 00507nam a22001697a 4500
003 OSt
008 140321b xxu||||| |||| 00| 0 eng d
100 1 _aLudington, M.H. (Morris Hoadley)
041 _aeng
245 1 0 _aThe Bahama Islands, a history and catalogue of the handstamps and cancellations, 1802-1967
260 _aLondon
_bRobson Lowe Ltd.
300 _a66 pages
650 0 _aBahamas
650 0 _aBritish Colonies
650 0 _aPostal Markings
650 0 _aPostal History Catalogs and Price Lists
999 _c468
_d468